<?xml version="1.0" encoding="UTF-8"?>
<marc:record xmlns:marc="http://www.loc.gov/MARC21/slim">
   <marc:leader>00000nam a2200000 a 4500</marc:leader>
   <marc:datafield ind1="1" ind2=" " tag="100">
      <marc:subfield code="a">Chorherr, Christa</marc:subfield>
      <marc:subfield code="4">aut</marc:subfield>
      <marc:subfield code="e">Verfasser/-in</marc:subfield>
   </marc:datafield>
   <marc:datafield ind1="0" ind2="0" tag="245">
      <marc:subfield code="a">Die Angstspirale</marc:subfield>
   </marc:datafield>
   <marc:datafield ind1="0" ind2="0" tag="245">
      <marc:subfield code="b">wie Fundamentalismus und Überwachungsstaat unsere Demokratie bedrohen</marc:subfield>
   </marc:datafield>
   <marc:datafield ind1="0" ind2="0" tag="245">
      <marc:subfield code="c">Christa Chorherr</marc:subfield>
   </marc:datafield>
   <marc:datafield ind1=" " ind2="1" tag="264">
      <marc:subfield code="a">St. Pölten</marc:subfield>
      <marc:subfield code="b">Residenz-Verl.</marc:subfield>
      <marc:subfield code="c">2015</marc:subfield>
   </marc:datafield>
   <marc:datafield ind1="1" ind2=" " tag="520">
      <marc:subfield code="a">Terroranschläge und Radikalisierung lösen in der westlichen Gesellschaft Beklemmung aus. Die Furcht vor dem Islam geht mit der Ausweitung des Überwachungsstaates einher. Doch wie wirkt sich islamistischer Terrorismus tatsächlich aus? Sind die Ängste vor einer Überfremdung berechtigt? Oder dienen sie nicht vielmehr als Vorwand für massive staatliche Eingriffe in unsere Freiheit? Christa Chorherr zeigt schonungslos auf, wie groß die Gefahren durch Islamismus und Terrorismus für Europa wirklich sind und welche Konsequenzen für uns alle daraus erwachsen: staatliche Schutzmaßnahmen , die zu einer lückenlosen Sammlung persönlicher Daten und deren Verwertung ausarten und zum zunehmenden Verlust unserer Privatsphäre führen.</marc:subfield>
   </marc:datafield>
   <marc:datafield ind1=" " ind2=" " tag="020">
      <marc:subfield code="a">9783701733514</marc:subfield>
      <marc:subfield code="9">9783701733514</marc:subfield>
   </marc:datafield>
   <marc:datafield ind1=" " ind2=" " tag="300">
      <marc:subfield code="a">278 S.</marc:subfield>
   </marc:datafield>
</marc:record>
